[Event "Bronshoj SenSommer"]
[Site "Copenhagen"]
[Date "2018.10.04"]
[Round "7"]
[White "Nicolaisen, Jeppe"]
[Black "Fredericia, Louise Winther"]
[Result "1-0"]
[WhiteElo "2060"]
[BlackElo "2060"]
[PlyCount "45"]
[EventDate "2018.08.16"]
[EventType "tourn"]
[EventRounds "7"]
[EventCountry "DEN"]
[SourceTitle "EXT 2020"]
[Source "ChessBase"]
[SourceDate "2019.10.17"]
[SourceVersion "1"]
[SourceVersionDate "2019.10.17"]
[SourceQuality "1"]

1. e4 c5 2. Nf3 g6 3. c3 Bg7 4. d4 cxd4 5. cxd4 d5 6. e5 Nh6 7. Bb5+ Bd7 8. Bxd7+ Qxd7 9. 0-0 0-0 10. Nc3 Nc6 11. Re1 e6 12. Bg5 Nf5 13. g4 Nfe7 14. Bf6 Nc8 15. Qd2 h6 16. Qf4 Bxf6 17. exf6 Kh7 18. Re3 Qd6 19. Ne5 g5 20. Qf3 Nxd4 21. Qh3 Nb6 22. Qxh6+ Kxh6 23. Rh3# 1-0

[Event "Bronshoj SenSommer"]
[Site "Copenhagen"]
[Date "2018.08.16"]
[Round "1"]
[White "Nicolaisen, Jeppe"]
[Black "Christensen, Esben"]
[Result "1/2-1/2"]
[WhiteElo "2060"]
[BlackElo "2017"]
[PlyCount "55"]
[EventDate "2018.08.16"]
[EventType "tourn"]
[EventRounds "7"]
[EventCountry "DEN"]
[SourceTitle "EXT 2020"]
[Source "ChessBase"]
[SourceDate "2019.10.17"]
[SourceVersion "1"]
[SourceVersionDate "2019.10.17"]
[SourceQuality "1"]

1. e4 c5 2. c3 Nf6 3. e5 Nd5 4. d4 cxd4 5. Nf3 b6 6. cxd4 Bb7 7. Bc4 Qc7 8. Bb3 e6 9. 0-0 d6 10. Re1 Nd7 11. Ng5 Be7 12. Qh5 g6 13. Qh3 dxe5 14. Bxd5 Bxd5 15. Nc3 Bb7 16. dxe5 Qc6 17. Qf3 Qxf3 18. Nxf3 Bxf3 19. gxf3 0-0 20. Bh6 Rfd8 21. Rad1 Nc5 22. Nb5 Nd3 23. Re2 a6 24. Nc7 Ra7 25. Red2 Rxc7 26. Rxd3 Rxd3 27. Rxd3 f5 28. Be3 1/2-1/2

[Event "Bronshoj SenSommer"]
[Site "Copenhagen"]
[Date "2017.08.24"]
[Round "2"]
[White "Larsen, Soren Friis"]
[Black "Nicolaisen, Jeppe"]
[Result "0-1"]
[WhiteElo "1942"]
[BlackElo "2013"]
[PlyCount "50"]
[EventDate "2017.08.17"]
[EventType "tourn"]
[EventRounds "7"]
[EventCountry "DEN"]
[SourceTitle "EXT 2019"]
[Source "ChessBase"]
[SourceDate "2018.10.10"]
[SourceVersion "1"]
[SourceVersionDate "2018.10.10"]
[SourceQuality "1"]

1. c4 e6 2. Nf3 f5 3. Nc3 Nf6 4. g3 Be7 5. Bg2 0-0 6. b3 d6 7. d4 Ne4 8. Qc2 Nxc3 9. Qxc3 Nc6 10. h4 e5 11. 0-0 Bf6 12. e3 e4 13. Ne1 Qe8 14. f3 Qg6 15. Kf2 f4 16. gxf4 Bxh4+ 17. Kg1 Bh3 18. Rf2 exf3 19. Qb2 Bxf2+ 20. Qxf2 Bxg2 21. Bb2 Rf5 22. Nxg2 Qxg2+ 23. Qxg2 fxg2 24. Kxg2 Re8 25. Kf3 Rh5 0-1

[Event "Bronshoj SenSommer A"]
[Site "Bronshoj"]
[Date "2016.10.06"]
[Round "6"]
[White "Nicolaisen, Jeppe"]
[Black "Jacobsen, Mikkel Manosri"]
[Result "0-1"]
[WhiteElo "1995"]
[BlackElo "2215"]
[PlyCount "72"]
[EventDate "2016.08.31"]
[EventType "swiss"]
[EventRounds "7"]
[EventCountry "DEN"]
[SourceTitle "EXT 2024"]
[Source "ChessBase"]
[SourceDate "2023.10.10"]
[SourceVersion "1"]
[SourceVersionDate "2023.10.10"]
[SourceQuality "1"]

1. e4 c6 2. c4 d5 3. cxd5 cxd5 4. exd5 Nf6 5. Nc3 g6 6. Bc4 Bg7 7. Nf3 0-0 8. 0-0 Nbd7 9. d3 a6 10. a4 Nb6 11. Qb3 Qc7 12. Be3 Nxc4 13. dxc4 Bg4 14. Bb6 Qb8 15. Nd4 Nd7 16. h3 Qd6 17. hxg4 Qxb6 18. Qxb6 Nxb6 19. c5 Bxd4 20. cxb6 Bxb6 21. Rfe1 Bc5 22. Re4 Rfc8 23. a5 Kf8 24. Na4 Ba7 25. Rd1 Rc2 26. d6 exd6 27. Nb6 Bxb6 28. axb6 Rd8 29. Rb4 d5 30. b3 Rc3 31. Kf1 d4 32. Rbxd4 Rxd4 33. Rxd4 Rxb3 34. Rd8+ Ke7 35. Rh8 Rxb6 36. Rxh7 a5 0-1

[Event "Bronshoj SenSommer A"]
[Site "Bronshoj"]
[Date "2016.10.06"]
[Round "7"]
[White "Sorensen, Dick"]
[Black "Nicolaisen, Jeppe"]
[Result "1-0"]
[WhiteElo "1973"]
[BlackElo "1995"]
[PlyCount "51"]
[EventDate "2016.08.31"]
[EventType "swiss"]
[EventRounds "7"]
[EventCountry "DEN"]
[SourceTitle "EXT 2024"]
[Source "ChessBase"]
[SourceDate "2023.10.10"]
[SourceVersion "1"]
[SourceVersionDate "2023.10.10"]
[SourceQuality "1"]

1. e4 e6 2. c4 d5 3. exd5 exd5 4. d4 Nf6 5. Nf3 Bd6 6. c5 Be7 7. h3 0-0 8. Bd3 b6 9. cxb6 axb6 10. 0-0 c5 11. Nc3 Nc6 12. Be3 Be6 13. Rc1 c4 14. Bb1 Qd7 15. Ne5 Qb7 16. f4 b5 17. Qf3 b4 18. Ne2 Nxe5 19. dxe5 Ne4 20. f5 Bd7 21. f6 Bc5 22. Bxc5 Nxc5 23. Qh5 Ne4 24. Bxe4 Qb6+ 25. Kh1 dxe4 26. Qg5 1-0

[Event "Bronshoj SenSommer A"]
[Site "Bronshoj"]
[Date "2016.09.24"]
[Round "5"]
[White "Nicolaisen, Jeppe"]
[Black "Petersen, Steen Brustrup"]
[Result "1/2-1/2"]
[WhiteElo "1995"]
[BlackElo "2165"]
[PlyCount "35"]
[EventDate "2016.08.31"]
[EventType "swiss"]
[EventRounds "7"]
[EventCountry "DEN"]
[SourceTitle "EXT 2024"]
[Source "ChessBase"]
[SourceDate "2023.10.10"]
[SourceVersion "1"]
[SourceVersionDate "2023.10.10"]
[SourceQuality "1"]

1. d4 d5 2. c4 Bf5 3. cxd5 Bxb1 4. Qa4+ c6 5. dxc6 Nxc6 6. Rxb1 e5 7. Bd2 Qxd4 8. Qxd4 exd4 9. a3 Nf6 10. g3 Ne4 11. Bg2 f5 12. Nf3 Be7 13. 0-0 0-0 14. Rfd1 Bf6 15. Bb4 Rfe8 16. Nd2 Rac8 17. Nxe4 fxe4 18. Bd2 1/2-1/2

[Event "Bronshoj SenSommer A"]
[Site "Bronshoj"]
[Date "2016.08.31"]
[Round "1"]
[White "Mouritsen, Jan"]
[Black "Nicolaisen, Jeppe"]
[Result "1/2-1/2"]
[WhiteElo "1916"]
[BlackElo "1995"]
[PlyCount "71"]
[EventDate "2016.08.31"]
[EventType "swiss"]
[EventRounds "7"]
[EventCountry "DEN"]
[SourceTitle "EXT 2024"]
[Source "ChessBase"]
[SourceDate "2023.10.10"]
[SourceVersion "1"]
[SourceVersionDate "2023.10.10"]
[SourceQuality "1"]

1. e4 c5 2. Nf3 e6 3. d4 cxd4 4. Nxd4 Nf6 5. Nc3 Nc6 6. Be3 Bb4 7. Bd3 d5 8. 0-0 Bxc3 9. bxc3 dxe4 10. Bb5 Bd7 11. Bg5 Nxd4 12. Bxd7+ Qxd7 13. Bxf6 Nf5 14. Qxd7+ Kxd7 15. Rfd1+ Kc6 16. g4 gxf6 17. gxf5 exf5 18. Rd4 Rad8 19. Rc4+ Kd6 20. Rb1 b6 21. Rb5 Rc8 22. Rd4+ Ke6 23. Rbd5 Rxc3 24. f4 Rg8+ 25. Kf1 Rf3+ 26. Ke2 Rg2+ 27. Ke1 Rxc2 28. Rd8 Re3+ 29. Kf1 Rf3+ 30. Ke1 Rc1+ 31. Ke2 Rc2+ 32. Ke1 Re3+ 33. Kf1 Rc1+ 34. Kf2 Rf3+ 35. Ke2 Rc2+ 36. Ke1 1/2-1/2

[Event "Bronshoj SenSommer A"]
[Site "Bronshoj"]
[Date "2015.09.07"]
[Round "4"]
[White "Olsen, Michael Richard W"]
[Black "Nicolaisen, Jeppe"]
[Result "1-0"]
[WhiteElo "2070"]
[BlackElo "2010"]
[PlyCount "67"]
[EventDate "2015.08.20"]
[EventType "swiss"]
[EventRounds "7"]
[EventCountry "DEN"]
[SourceTitle "EXT 2024"]
[Source "ChessBase"]
[SourceDate "2023.10.10"]
[SourceVersion "1"]
[SourceVersionDate "2023.10.10"]
[SourceQuality "1"]

1. Nf3 d5 2. c4 d4 3. b4 f6 4. Bb2 e5 5. a3 c5 6. bxc5 Bxc5 7. d3 Nh6 8. g3 0-0 9. Bg2 Nc6 10. Nbd2 f5 11. Rb1 Qe7 12. Qc2 Ng4 13. h3 Nxf2 14. Kxf2 e4 15. Nb3 exf3 16. exf3 Qe3+ 17. Kf1 Bd6 18. Bc1 Qe7 19. f4 Re8 20. Qf2 Bxa3 21. Bd5+ Kh8 22. Bxa3 Qxa3 23. Kg2 Bd7 24. Rhd1 Re3 25. Nxd4 Rxd3 26. Nb5 Rxd1 27. Nxa3 Rxb1 28. Nxb1 a5 29. Qb2 Nb4 30. Bxb7 Re8 31. Nc3 Nd3 32. Qd2 Ne1+ 33. Kf1 Re7 34. Qd6 1-0

[Event "Amager-ch A"]
[Site "Amager"]
[Date "2014.09.23"]
[Round "5"]
[White "Nicolaisen, Jeppe"]
[Black "Petersen, Nils"]
[Result "1-0"]
[WhiteElo "1967"]
[BlackElo "1848"]
[PlyCount "57"]
[EventDate "2014.08.19"]
[EventType "tourn"]
[EventRounds "7"]
[EventCountry "DEN"]
[SourceTitle "EXT 2023"]
[Source "ChessBase"]
[SourceDate "2022.10.05"]
[SourceVersion "1"]
[SourceVersionDate "2022.10.05"]
[SourceQuality "1"]

1. e4 c5 2. Nf3 e6 3. d4 cxd4 4. Nxd4 Nc6 5. Nc3 a6 6. Nxc6 bxc6 7. Bd3 d5 8. 0-0 Nf6 9. Qe2 Be7 10. Bf4 0-0 11. Rad1 Qb6 12. b3 a5 13. Na4 Qa7 14. c4 dxe4 15. Bxe4 Nxe4 16. Qxe4 c5 17. Bd6 Bb7 18. Qe5 Bxd6 19. Rxd6 Rac8 20. Rd7 Rfe8 21. Rfd1 f6 22. Rxg7+ Kxg7 23. Rd7+ Kg6 24. Qg3+ Kf5 25. Qh3+ Ke5 26. Nb2 Be4 27. Rxa7 Rcd8 28. Qc3+ Rd4 29. Rxa5 1-0

[Event "Copenhagen Whitsun op"]
[Site "Copenhagen"]
[Date "2014.06.07"]
[Round "4"]
[White "Jorgensen, Rasmus"]
[Black "Nicolaisen, Jeppe"]
[Result "1/2-1/2"]
[WhiteElo "2085"]
[BlackElo "2050"]
[PlyCount "122"]
[EventDate "2014.06.03"]
[EventType "swiss"]
[EventRounds "9"]
[EventCountry "DEN"]
[SourceTitle "EXT 2015"]
[Source "ChessBase"]
[SourceDate "2014.11.20"]
[SourceVersion "1"]
[SourceVersionDate "2014.11.20"]
[SourceQuality "1"]

1. c4 e5 2. g3 Nf6 3. Bg2 Nc6 4. Nc3 Bb4 5. Nd5 0-0 6. Nf3 Bc5 7. 0-0 d6 8. d3 Nxd5 9. cxd5 Nd4 10. e3 Nxf3+ 11. Bxf3 a5 12. Bd2 b5 13. Rc1 Bf5 14. Qe2 Qd7 15. Rc2 b4 16. e4 Bg6 17. Be3 Bxe3 18. Qxe3 Ra6 19. Rfc1 Rc8 20. Rc6 Rxc6 21. Rxc6 Ra8 22. Qc1 Ra7 23. Qc4 Qd8 24. d4 f6 25. Bg4 Be8 26. dxe5 fxe5 27. Be6+ Kh8 28. Ra6 Qb8 29. Rxa7 Qxa7 30. Qd3 Qb8 31. f4 Qb6+ 32. Kg2 exf4 33. gxf4 Qc5 34. f5 Qc1 35. Qd4 Bb5 36. Qa7 Qf1+ 37. Kg3 Qe1+ 38. Kf4 Qd2+ 39. Kg3 Qe1+ 40. Kf4 Qh4+ 41. Ke3 Qh3+ 42. Kd2 Qd3+ 43. Kc1 Qf1+ 44. Kd2 Qe2+ 45. Kc1 Qe1+ 46. Kc2 Qxe4+ 47. Kd2 Qg2+ 48. Kc1 Qh1+ 49. Kd2 Qxh2+ 50. Kc1 Qf4+ 51. Kc2 Qc4+ 52. Kd2 Qe2+ 53. Kc1 Qe1+ 54. Kc2 Ba4+ 55. b3 Qe2+ 56. Kc1 Qe1+ 57. Kc2 Qc3+ 58. Kb1 Qd3+ 59. Kc1 Qc3+ 60. Kb1 Qd3+ 61. Kc1 Qc3+ 1/2-1/2

[Event "Copenhagen Bronshoj-chA"]
[Site "Copenhagen"]
[Date "2012.03.29"]
[Round "4"]
[White "Carstensen, Jacob"]
[Black "Nicolaisen, Jeppe"]
[Result "1-0"]
[WhiteElo "2314"]
[BlackElo "2088"]
[PlyCount "51"]
[EventDate "2012.03.01"]
[EventType "tourn"]
[EventRounds "9"]
[EventCountry "DEN"]
[SourceTitle "EXT 2016"]
[Source "ChessBase"]
[SourceDate "2015.10.08"]
[SourceVersion "1"]
[SourceVersionDate "2015.10.08"]
[SourceQuality "1"]

1. d4 Nf6 2. c4 c5 3. d5 b5 4. cxb5 a6 5. bxa6 g6 6. Nc3 Bxa6 7. g3 d6 8. Nf3 Bg7 9. Bg2 Nfd7 10. Qc2 Nb6 11. 0-0 N8d7 12. Rd1 0-0 13. e4 Nc4 14. Nd2 Nce5 15. Nb3 c4 16. Nd4 Nc5 17. h3 Qd7 18. Be3 Rfb8 19. Rab1 Ned3 20. Kh2 Rb4 21. e5 Na4 22. Nc6 Rxb2 23. Qxa4 Qb7 24. Qa3 Bb5 25. Qxb2 Nxb2 26. Rxb2 1-0

[Event "Valby K41 Aabent-ch 1011"]
[Site "Valby"]
[Date "2011.02.08"]
[Round "8"]
[White "Nicolaisen, Jeppe"]
[Black "Jorgensen, Rasmus"]
[Result "1/2-1/2"]
[WhiteElo "2004"]
[BlackElo "2075"]
[PlyCount "70"]
[EventDate "2010.11.03"]
[EventType "swiss"]
[EventRounds "10"]
[EventCountry "DEN"]
[SourceTitle "EXT 2023"]
[Source "ChessBase"]
[SourceDate "2022.10.05"]
[SourceVersion "1"]
[SourceVersionDate "2022.10.05"]
[SourceQuality "1"]

1. Nc3 g6 2. d4 Bg7 3. e4 d6 4. Be3 a6 5. Qd2 Nd7 6. h4 h5 7. Nh3 b5 8. 0-0-0 c6 9. Ng5 Nb6 10. Bd3 Nc4 11. Bxc4 bxc4 12. Qe2 d5 13. e5 Bf5 14. Bd2 Qb6 15. Na4 Qb5 16. Nc3 Qb7 17. Na4 Rb8 18. Bc3 e6 19. f3 Nh6 20. Rhg1 Qb5 21. Nc5 Bf8 22. g4 Bxc5 23. dxc5 Qxc5 24. gxf5 Nxf5 25. Qd2 Qe7 26. Qf4 c5 27. Rxd5 exd5 28. e6 0-0 29. exf7+ Rxf7 30. Nxf7 Kxf7 31. Re1 Qd6 32. Be5 Qe6 33. Bc3 Qd6 34. Be5 Qe6 35. Bc3 Qd6 1/2-1/2

[Event "Politiken Cup 23rd"]
[Site "Copenhagen"]
[Date "2001.07.21"]
[Round "7"]
[White "Jorgensen, Brian"]
[Black "Nicolaisen, Jeppe"]
[Result "1/2-1/2"]
[WhiteElo "2265"]
[BlackElo "2047"]
[PlyCount "112"]
[EventDate "2001.07.16"]
[EventType "swiss"]
[EventRounds "11"]
[EventCountry "DEN"]
[SourceTitle "CBM 083 Extra"]
[Source "ChessBase"]
[SourceDate "2001.09.11"]
[SourceVersion "1"]
[SourceVersionDate "2001.09.11"]
[SourceQuality "1"]

1. d4 d5 2. c4 Nc6 3. e3 e5 4. dxe5 d4 5. a3 a5 6. Nf3 Bg4 7. exd4 Bxf3 8. Qxf3 Qxd4 9. Nc3 Qxe5+ 10. Qe3 0-0-0 11. Be2 Bd6 12. Qxe5 Bxe5 13. 0-0 Nf6 14. Be3 Nd4 15. Bd1 Nf5 16. Bg5 h6 17. Bxf6 Bxf6 18. Bg4 g6 19. Rac1 Rd3 20. Rfd1 Rxd1+ 21. Nxd1 Kd8 22. Bxf5 gxf5 23. Kf1 Ke7 24. Rc2 Bd4 25. Nc3 c6 26. Ne2 Be5 27. f4 Bd6 28. g3 Bc5 29. Rd2 Rd8 30. Rxd8 Kxd8 31. a4 Ke7 32. Nc1 Bd4 33. Nd3 Kf6 34. b3 Ke6 35. Kg2 f6 36. Kf3 h5 37. h3 Kd6 38. g4 fxg4+ 39. hxg4 hxg4+ 40. Kxg4 Ke6 41. f5+ Kd6 42. Kh5 b5 43. cxb5 cxb5 44. axb5 Kc7 45. Kg6 Kb6 46. Kf7 Kxb5 47. Ke6 Bc3 48. Kd5 Ba1 49. Ke6 Bc3 50. Kd6 Bb4+ 51. Kd7 Bc3 52. Ke6 Ba1 53. Kd5 Bc3 54. Ke6 Ba1 55. Kd5 Bc3 56. Ke6 Ba1 1/2-1/2

[Event "Politiken Cup 23rd"]
[Site "Copenhagen"]
[Date "2001.07.17"]
[Round "2"]
[White "Nicolaisen, Jeppe"]
[Black "Skovgaard, Peter Nicolai"]
[Result "1-0"]
[WhiteElo "2047"]
[BlackElo "2130"]
[PlyCount "79"]
[EventDate "2001.07.16"]
[EventType "swiss"]
[EventRounds "11"]
[EventCountry "DEN"]
[SourceTitle "CBM 083 Extra"]
[Source "ChessBase"]
[SourceDate "2001.09.11"]
[SourceVersion "1"]
[SourceVersionDate "2001.09.11"]
[SourceQuality "1"]

1. e4 c5 2. Nc3 d6 3. f4 Nc6 4. Nf3 g6 5. Bb5 Bg7 6. Bxc6+ bxc6 7. d3 Nf6 8. 0-0 0-0 9. Qe1 Qc7 10. Kh1 Bd7 11. Nd1 d5 12. e5 Ng4 13. Nc3 Qb7 14. b3 Nh6 15. Ba3 Rfe8 16. Bxc5 f6 17. Qd2 Rad8 18. Rae1 Bc8 19. Nd4 Nf5 20. Nxf5 Bxf5 21. d4 Qc7 22. e6 Rd6 23. Bxd6 exd6 24. e7 Rxe7 25. Rxe7 Qxe7 26. Re1 Qc7 27. Qe2 Qd7 28. Qe8+ Qxe8 29. Rxe8+ Kf7 30. Ra8 Bxc2 31. Rxa7+ Kf8 32. Rc7 f5 33. Rxc6 Bxd4 34. Nxd5 Be4 35. Rxd6 Bc5 36. Rd8+ Kf7 37. Nc3 Ke7 38. Nxe4 fxe4 39. Rd5 Bb6 40. Re5+ 1-0